Welcome to the Holygrace Academy Library

Please use search bar below to get started

LEANING ADVENTURES IN ANIMALS (Record no. 6066)

MARC details
000 -LEADER
fixed length control field 00340nam a22001457a 4500
020 ## - INTERNATIONAL STANDARD BOOK NUMBER
ISBN 0-684-84430-3
082 ## - DEWEY DECIMAL CLASSIFICATION NUMBER
Classification number 001
Item number TRI/L
100 ## - MAIN ENTRY--AUTHOR NAME
Personal name TRIPP, ALAN
245 ## - TITLE STATEMENT
Title LEANING ADVENTURES IN ANIMALS
260 ## - PUBLICATION, DISTRIBUTION, ETC. (IMPRINT)
Place of publication NEW YORK
Name of publisher KAPLAN EDUCATION CENTER
300 ## - PHYSICAL DESCRIPTION
Number of Pages 72
520 ## - SUMMARY, ETC.
Summary, etc SCIENCE QUIZ
650 ## - SUBJECT ADDED ENTRY--TOPICAL TERM
Topical Term SCIENCE QUIZ
Geographic subdivision NEW YORK
942 ## - ADDED ENTRY ELEMENTS (KOHA)
Koha item type Books
Holdings
Withdrawn status Lost status Collection code Home library Current library Shelving location Date acquired Source of acquisition Full call number Accession Number Koha item type
    G.K Main Library Main Library SHELF 3- J- ENGLISH CHILDRENS LITERATURE &MYTHOLOGY 11/03/2002 PURCHASE 001 TRI/L 01603 Books